logo

Bir Sreshtho Munshi Abdur Rouf Library
Jhenaidah Cadet College

Information and Communication Technology : (Record no. 6470)

MARC details
000 -LEADER
fixed length control field 00650nam a22002297a 4500
001 - CONTROL NUMBER
JCCL Control Number 6470
003 - CONTROL NUMBER IDENTIFIER
JCCL marc code BD-JhCC
005 - DATE AND TIME OF LATEST TRANSACTION
control field 20180125105620.0
008 - FIXED-LENGTH DATA ELEMENTS--GENERAL INFORMATION
fixed length control field 180123b xxu||||| |||| 00| 0 eng d
035 ## - SYSTEM CONTROL NUMBER
system control number (BD-JhCC)6470
040 ## - CATALOGING SOURCE
Original cataloging agency BD-JhCC
Modifying agency BD-JhCC
041 ## - LANGUAGE CODE
Language code of Book eng
082 ## - DEWEY DECIMAL CLASSIFICATION NUMBER
Classification number 370.1523
Author mark and Year KHA 2014
100 ## - MAIN ENTRY--PERSONAL NAME
Personal name Kha, Barnali
245 ## - TITLE STATEMENT
Title Information and Communication Technology :
Remainder of title For Class XI and XII /
Statement of responsibility, etc Barnali Kha; Kazi Mamunur Rashid
260 ## - PUBLICATION, DISTRIBUTION, ETC. (IMPRINT)
Place of publication, distribution, etc Dhaka :
Name of publisher, distributor, etc Probaho Prokashoni,
Date of publication, distribution, etc 2014.
300 ## - PHYSICAL DESCRIPTION
Pagination 303 p. :
Other physical details ills;
Dimensions 24 cm.
650 ## - SUBJECT ADDED ENTRY--TOPICAL TERM
Topical term or geographic name as entry element Computer and Literacy
700 ## - ADDED ENTRY--PERSONAL NAME
Personal name Rashid, Kazi Mamunur
942 ## - ADDED ENTRY ELEMENTS (KOHA)
Source of classification or shelving scheme Dewey Decimal Classification
Koha item type Books
Holdings
Source of classification or shelving scheme Damaged status Not for loan Home library Current library Shelving location Cost, normal purchase price Total Checkouts Full call number Barcode Date last seen Copy number Koha item type
Dewey Decimal Classification     JCC Rouf Library JCC Rouf Library General Stacks 280.00   370.1523 KHA 2014 8773 01/23/2018 C 1 Books

JCC Library | Contacts | JCC Home

Last Update on 23 September 2017
Copyright @ 2017-2020 JCC Rouf Library
Rouf Library, Jhenidah Cadet College (JCC), Bangladesh